000 00385nam a22001457a 4500
999 _c19017
_d19017
008 210708b xxu||||| |||| 00| 0 eng d
020 _a1493948338
050 _aQA40.5
_b.W35 2013 c.1
100 _aWallis, W.D.
245 _aMathematics in the Real World
_cW. D. Wallis
260 _aNew York
_bBirkhauser
_c2013
300 _axv, 270p.
650 _aMathematics
942 _2lcc
_cBK